Matched Asymptoic Expansions and Singular Perturbations (Record no. 530830)

000 -LEADER
fixed length control field 00375nam a2200133Ia 4500
008 - FIXED-LENGTH DATA ELEMENTS--GENERAL INFORMATION
fixed length control field 191014s9999 xx 000 0 und d
020 ## - INTERNATIONAL STANDARD BOOK NUMBER
International Standard Book Number 444104380
082 ## - DEWEY DECIMAL CLASSIFICATION NUMBER
Classification number 515.35
Author Mark KCK
100 ## - MAIN ENTRY--PERSONAL NAME
Personal name Wiktor Eckhaus
9 (RLIN) 20260
245 #0 - TITLE STATEMENT
Title Matched Asymptoic Expansions and Singular Perturbations
260 ## - PUBLICATION, DISTRIBUTION, ETC.
Place of publication, distribution, etc. New York
Name of publisher, distributor, etc. Elsevier Publishing Company
Date of publication, distribution, etc. 1973
300 ## - PHYSICAL DESCRIPTION
Extent 145
942 ## - ADDED ENTRY ELEMENTS (KOHA)
Koha item type Book
Holdings
Withdrawn status Lost status Damaged status Not for loan Permanent Location Current Location Date acquired Source of acquisition Cost, normal purchase price Total Checkouts Full call number Barcode Date last seen Price effective from Koha item type
        School of Natural Sciences (SNS) School of Natural Sciences (SNS) 10/15/2019 Donation 0.00   515.35KCK SNS0002607 10/15/2019 10/15/2019 Book
© 2023 Central Library, National University of Sciences and Technology. All Rights Reserved.